000
00351nam a2200157Ia 4500
005
20250603144730.0
008
250603s9999 xx 000 0 und d
050
_a
HD 60 .C59/
245
0
_a
Corporate Social Responsibility Report
260
_a
Nigeria
260
_b
Total
260
_c
2008
300
_a
70 p
650
_a
Nigeria
942
_c
BK
999
_c
39787
_d
39787